| 000 | 00474cam a2200193ua 4500 | ||
|---|---|---|---|
| 001 | 7857 | ||
| 008 | 141229n ii |||gr||||Z||||||ben | ||
| 040 | _cMAIN | ||
| 041 | _aben | ||
| 082 | _a891.441 | ||
| 100 |
_aChattopadhyaya, J., _eAuthor. |
||
| 245 | 1 |
_aAngustha _cBy Jyotimoy Chattopadhyaya |
|
| 250 | _a1st. | ||
| 260 |
_aKolkatta: _bPopular, _c1964. |
||
| 300 | _a48p. | ||
| 653 | _aEast Indo-European & Celtic literatures | ||
| 653 | _aBengali poems | ||
| 942 | _cBK | ||
| 999 |
_c6977 _d6977 |
||